书目信息 |
| 题名: |
土力学地基基础
|
|
| 作者: | 陈希哲 编 | |
| 分册: | ||
| 出版信息: | 北京 清华大学出版社 1982 |
|
| 页数: | 245页 | |
| 开本: | 25cm | |
| 丛书名: | ||
| 单 册: | ||
| 中图分类: | TU4 | |
| 科图分类: | ||
| 主题词: | 土力学 , 地基--基础(工程) | |
| 电子资源: | ||
| ISBN: | ||
| 000 | 00611nam0 2200241 45 | |
| 001 | 0182004266 | |
| 005 | 20060421104527.50 | |
| 010 | @dCNY1.70 | |
| 091 | @a15235.40 | |
| 100 | @a19950526d1982 em y0chiy0121 ea | |
| 101 | 0 | @achi |
| 102 | @aCN@b110000 | |
| 105 | @ay z 000yy | |
| 200 | 10 | @a土力学地基基础@Atu li xue di ji ji chu@f陈希哲编 |
| 210 | @a北京@c清华大学出版社@d1982 | |
| 215 | @a245页@d25cm | |
| 606 | 0 | @a土力学 |
| 606 | 0 | @a地基@x基础(工程) |
| 690 | @aTU4 | |
| 701 | 0 | @a陈希哲@Achen xi zhe@4编 |
| 801 | 2 | @aCN@bNLC@c20060421 |
| 801 | 0 | @aCN@b上海图书馆@c20040517 |
| 905 | @dTU4@e76 | |
| 土力学地基基础/陈希哲编.-北京:清华大学出版社,1982 |
| 245页;25cm |
| ISBN :CNY1.70 |
| ● |
| 相关链接 |
|
|
|
|
正题名:土力学地基基础
索取号:TU4/76
 
预约/预借
| 序号 | 登录号 | 条形码 | 馆藏地/架位号 | 状态 | 备注 |
| 1 | 0012287 | 001485486 | 第三借阅区/ [索取号:TU4/76] | 在馆 | |
| 2 | 0122876 | 202279845 | 密集书库/ [索取号:TU4/76] | 在馆 | |
| 3 | 0122877 | 001485486 | 第二样本阅览室/ [索取号:TU4/76] | 在馆 | |
| 4 | 0122878 | 202279818 | 密集书库/ [索取号:TU4/76] | 在馆 |